Normal view
MARC view
- Reading
Entry Topical Term
001 - CONTROL NUMBER
- control field: 107701
003 - CONTROL NUMBER IDENTIFIER
- control field: NUST
005 - DATE AND TIME OF LATEST TRANSACTION
- control field: 20230126093924.0
008 - FIXED-LENGTH DATA ELEMENTS
- fixed length control field: 230126|| aca||aabn | a|a d
040 ## - CATALOGING SOURCE
- Original cataloging agency: NUST
- Transcribing agency: NUST
150 ## - HEADING--TOPICAL TERM
- Topical term or geographic name entry element: Reading
- General subdivision: Remedial teaching
670 ## - SOURCE DATA FOUND
- Source citation: Work cat.: (NUST)193942: Rupley, William H. 107700, Reading diagnosis and remediation : , c1979.
